| Tag |
First Indicator |
Second Indicator |
Subfields |
| LEADER |
00000cas a2200000Ia 4500 |
| 001 |
in00002841963 |
| 005 |
20151203092748.0 |
| 006 |
m o d |
| 007 |
cr ||||||||||| |
| 008 |
080321d18201825enkwr poo 0 0eng d |
| 022 |
|
|
|y 2044-6756
|
| 029 |
1 |
|
|a NZ1
|b 13117363
|
| 029 |
1 |
|
|a AU@
|b 000045735039
|
| 029 |
1 |
|
|a NZ1
|b 14560991
|
| 035 |
|
|
|a (OCoLC)ocn213503548
|
| 035 |
|
|
|a (OCoLC)213503548
|
| 040 |
|
|
|a CGU
|b eng
|c CGU
|d CGU
|d OCLCQ
|d TXA
|d UtOrBLW
|
| 049 |
|
|
|a TXAM
|
| 090 |
|
|
|a AP3
|b .W4 Electronic
|
| 245 |
0 |
4 |
|a The weekly entertainer and west of England miscellany.
|
| 246 |
1 |
|
|a West of England miscellany
|
| 264 |
|
3 |
|a Sherborne :
|b Printed by Langdon and Harker,
|c [1820-1825]
|
| 310 |
|
|
|a Weekly
|
| 336 |
|
|
|a text
|b txt
|2 rdacontent
|
| 337 |
|
|
|a computer
|b c
|2 rdamedia
|
| 338 |
|
|
|a online resource
|b cr
|2 rdacarrier
|
| 362 |
1 |
|
|a Began with: N.s., v. 1 (Jan. 3, 1820); ceased with: Vol. 12 in 1825.
|
| 500 |
|
|
|a Imprint varies.
|
| 588 |
|
|
|a Description based on first issue; title from PDF cover (Periodicals Archive Online Web site, viewed on Mar. 21, 2008).
|
| 588 |
|
|
|a Final issue consulted.
|
| 500 |
|
|
|a Electronic resource.
|
| 776 |
0 |
8 |
|i Also issued in microfilm:
|t Weekly entertainer and west of England miscellany
|w (DLC)sf 96091362
|w (OCoLC)17700707
|
| 780 |
0 |
0 |
|t Weekly entertainer; or, Agreeable and instructive repository
|w (OCoLC)213503966
|
| 948 |
|
|
|a cataloged
|b h
|c 2013/3/18
|d c
|e spoltoratski
|f 12:03:43 pm
|g sc
|
| 994 |
|
|
|a C0
|b TXA
|
| 999 |
|
|
|a MARS
|
| 999 |
f |
f |
|s 1d93b83f-9c27-3e3b-ae2b-f4b9e8e40463
|i 6f8173ad-3250-396a-85bc-365cec655861
|t 0
|
| 952 |
f |
f |
|a Texas A&M University
|b College Station
|c Electronic Resources
|d Available Online
|t 0
|e AP3 .W4
|g Electronic
|h Library of Congress classification
|
| 998 |
f |
f |
|a AP3 .W4
|t 0
|l Available Online
|